000 00306nam a2200121 a 4500
005 20140414132112.0
008 110805s19uu xx 00 eng d
050 _aTR
_bLa153 2000
100 _aTrent-Cooper, Jennifer
245 _aThe Lad.
260 _aPhilippines :
_bSoundscope,
_c2000.
999 _c114802
_d114802